00301nam a22001097a 4500082003000000100001600030245002200046260006300068300001500131526003700146650000800183 a891.421bMOHcL-29, P-105 aMuhan Singh aKavetha da authar aPeshawar:bMadina Book Depot Khyber Bazar Peshawar,cc1965 a165pc16cm a0b0c0d891_421000000000000_MOH aMCE